| 000 | 00416 a2200157 4500 | ||
|---|---|---|---|
| 003 | NUST | ||
| 005 | 20230320133156.0 | ||
| 040 | _cNust | ||
| 082 | _a920,OBA | ||
| 100 |
_aMuhammad Obaidullah _9110664 |
||
| 245 |
_aTohfatul Hind / تحفۃ الہند (Urdu) / _cMaulana Muhammad Ubaidullah |
||
| 260 |
_aLahore _bMakki Darul Kutab _c1997 |
||
| 300 | _a239;p | ||
| 650 |
_aBiography _9461 |
||
| 942 |
_2ddc _cBK _k920,OBA |
||
| 999 |
_c188086 _d188086 |
||